Central Library OPAC University of Rajshahi

Effective secretarial practices : (Record no. 13961)

MARC details
000 -LEADER
fixed length control field 01000nam a2200301 4500
001 - CONTROL NUMBER
control field 13961
003 - CONTROL NUMBER IDENTIFIER
rucl marc code BD-RjUL
005 - DATE AND TIME OF LATEST TRANSACTION
control field 20211208235538.0
008 - FIXED-LENGTH DATA ELEMENTS--GENERAL INFORMATION
fixed length control field 140203t1956 ohu 001 0 eng c
035 ## - SYSTEM CONTROL NUMBER
System control number (OCoLC)ocm00560287
System control number (BD-RjUL)14013
040 ## - CATALOGING SOURCE
Original cataloging agency CSU
Transcribing agency CSU
Modifying agency ZCU
-- BD-RjUL
Language of cataloging eng
041 ## - LANGUAGE CODE
Language code of text/sound track or separate title eng
082 00 - DEWEY DECIMAL CLASSIFICATION NUMBER
Classification number 651
Edition number 16
Author mark and year BEE 1956
090 ## - LOCALLY ASSIGNED LC-TYPE CALL NUMBER (OCLC); LOCAL CALL NUMBER (OCLC)
Classification number (OCLC) (R) ; Classification number, CALL (RLIN) (NR) HF5547
Local cutter number (OCLC) ; Book number/undivided call number, CALL (RLIN) .B37 1956
100 1# - MAIN ENTRY--PERSONAL NAME
Personal name Beamer, Esther Kihn.
9 (RLIN) 42162
245 10 - TITLE STATEMENT
Title Effective secretarial practices :
Remainder of title a collegiate textbook for the training of secretaries /
Statement of responsibility, etc. a handbook for practicing secretaries, by Esther Kihn Beamer, J. Marshall Hanna [and] Estelle L. Popham.
250 ## - EDITION STATEMENT
Edition statement 3rd ed.
260 ## - PUBLICATION, DISTRIBUTION, ETC. (IMPRINT)
Place of publication, distribution, etc. Cincinnati :
Name of publisher, distributor, etc. South-western Pub. Co.,
Date of publication, distribution, etc. c1956.
300 ## - PHYSICAL DESCRIPTION
Pagination 666 p. :
Illustrations illus. ;
Size 24cm.
504 ## - BIBLIOGRAPHY, ETC. NOTE
Bibliography, etc includes index.
650 #0 - SUBJECT ADDED ENTRY--TOPICAL TERM
Topical term or geographic name as entry element Office practice.
9 (RLIN) 43640
700 1# - ADDED ENTRY--PERSONAL NAME
Personal name Hanna, J Marshall
Personal name Popham, Estelle L.
942 ## - ADDED ENTRY ELEMENTS (KOHA)
Source of classification or shelving scheme Dewey Decimal Classification
Koha item type Books
Holdings
Lost status Source of classification or shelving scheme Damaged status Not for loan Collection code Permanent Location Current Location Shelving location Date acquired Source of acquisition Total Checkouts Full call number Date last seen Copy number Koha item type
  Dewey Decimal Classification   Not For Loan Non-fiction Central Library, University of Rajshahi Central Library, University of Rajshahi Reading Room 24/07/1962 Asia Foundation   651 BEE 1956 03/02/2014 C-1 Books